LEADER 01637nam a2200301 i 4500 001 000000249272 003 CaOOAMICUS 005 20251111114442.0 008 160504s2015 it u000 u ita u 020 $a978-88-343-3136-1 040 $aSeMil$bita 245 04$aGli Oratori Ambrosiani nel Novecento :$beducazione e Pastorale Giovanile nella Chiesa di Milano /$ca cura di Paolo Alfieri, Simonetta Polenghi. 264 1$aMilano :$bVita e Pensiero,$c2015. 300 $a175 p. ;$c23 cm. 490 1 $aV&P Università. Pedagogia e scienze dell'educazione. Ricerche 650 4$aOratorio - Storia - Milano (Arcidiocesi).$0(OLS)http://semarc/subject/56733 650 4$aMilano (Arcidiocesi) - Oratorio - Proposta educativa.$0(OLS)http://semarc/subject/58918 650 4$aPastorale giovanile - Chiesa cattolica.$0(OLS)http://semarc/subject/17279 700 1 $aPolenghi, Simonetta.$0(OLS)http://semarc/name/83211 700 1 $aAlfieri, Paolo.$0(OLS)http://semarc/name/83210 830 0$aUniversità. Pedagogia e scienze dell'educazione. Ricerche.$0(OLS)http://semarc/title/10443 850 $aSeMil 852 $aSeMil$W1$xVenegono$y1$m3B V 1$j199618$B199618$CSeMilBibl$Z2$F211925 $Hnull $81 961 $aOmaggio: Delpini mons. Mario 996 $6020$a978-88-343-3136-1$9(OLS)http://semarc/number/259311 996 $6245$aGli Oratori Ambrosiani nel Novecento :$beducazione e Pastorale Giovanile nella Chiesa di Milano$9(OLS)http://semarc/title/351442 996 $6264$aMilano :$bVita e Pensiero$9(OLS)http://semarc/publisher/29642 LEADER 01177nam a2200253 i 4500 001 000000068224 003 CaOOAMICUS 005 20211117150515.0 008 990426n1998 it u000 u ita u 013 $a39396 020 $a8815065547 040 $aSeMil$bita 245 10$aVol. 3: Il Concilio adulto :$bil secondo periodo e la seconda intersessione, settembre 1963 - settembre 1964 /$cGiuseppe Alberigo ... [et al.]. 300 $a590 p ;$c25 cm 700 1 $aAlberigo, Giuseppe,$d<1926-2007>.$0(OLS)http://semarc/name/743 773 0 $tStoria del Concilio Vaticano 2..$dBologna : Il Mulino, 1995-2001.$g3$w()1522 850 $aSeMil 852 $aSeMil$W1$xVenegono$y1$mSL1.Z IV 3$j34377$B34377$CSeMilBibl$Z2$F34380 $8I 852 $aSeMil$W1$xVenegono$y1$m3D IV 219$j229927$B239606$CSeMilBibl$Z2$F239606 $81 961 $aAcquisto: Glossa (Libreria) 961 $aZin Edoardo - Omaggio. -- Ex libris Edoardo Zin 996 $6020$a8815065547$9(OLS)http://semarc/number/46345 996 $6245$aVol. 3: Il Concilio adulto :$bil secondo periodo e la seconda intersessione, settembre 1963 - settembre 1964$9(OLS)http://semarc/title/108871